=LDR 00000nam 2200000 4500 =001 INLIS000000000019916 =005 20130612114927 =008 ***********************************Ind** =035 ##$$0010-061300000019916 =041 ##$$a Ind =082 ##$$a 810.7 =090 ##$$a 810.7, Ran i =100 ##$$a Rani, Supratman Abdulk =245 ##$$a Intisari sastra indonesia untuk SLTP, Supratman Abdul Rani =260 ##$$a 2001 $b Bandung =300 ##$$a 316 hlm, 21 cm =650 ##$$a Kesusastraan Indonesia =850 ##$$a NBPNMAT